1448 1319 1024 1465 1865 1783 1353 1146 1048 1839 1354 1342 1663 1220 1864 1502 1460 1177 1208 1557 1196 1437 1283 1951 1005 1688 1865 1265 1602 1082 1935 1777 1405 1880 1596 1686 1776 1341 1707 1391 1081 1070 1108 1473 1822 1176 1140 1150 1907 1158 1465 1294 1968 1300 1927 1386 1770 1953 1793 1589 1983 1370 1718 1668 1549 1127 1671 1255 1056 1312 1246 1991 1155 1894 1369 1562 1247 1475 1451 1590 1969 1015 1138 1277 1826 1177 1287 1087 1110 1390 1464 1833 1884 1676 1449 1335 1983 1056 1621 BCNSPRNW ULIB Ver.6.0+V

เปลี่ยนเป็นภาษาไทย

Change to English
 แสดงรายละเอียดบรรณานุกรม
  กลับหน้าหลัก

Brief Record : Get Marc (ISO 2709) : E-mail record : QR code < ปิดหน้าต่าง
LEADER : 00000nam 2200000uu 4500
001    13399108828
003     ULIB
008    110315s2542||||th 000 0 tha d
060  4 WY105^bภ291ก 2542
100 0  ภัทรา เจดีย์ศรี
110 1  กระทรวงสาธารณสุข.^bสถาบันพระบรมราชชนก, วิทยาลัยพยาบาลบรมราชชนี พุทธชินราช
245 00 การบริหารองค์กรพยาบาล.^cภัทรา เจดีย์ศรี
260    พิษณุโลก:^bวิทยาลัยพยาบาลบรมราชชนี พุทธชินราช,^c2542
300    169 หน้า
650  7 การบริหารการพยาบาล
650  7 การนิเทศการพยาบาล
710 1  สถาบันพระบรมราชชนก^bวิทยาลัยพยาบาลบรมราชชนี พุทธชินราช
945    ^p0^l0^i014395
995    เกษร
999 ^a ใช้งานได้ทุกระบบ
รายการนี้ยังไม่มีแท็ก
คุณยังไม่ได้ล็อกอิน คุณสามารถมีกิจกรรมร่วมกับเว็บไซต์ได้ แต่ต้องล็อกอินก่อน ::
  ล็อกอิน

รายการสื่อสารสนเทศ

ลำดับที่ ประเภท เลขเรียก/บาร์โค้ด สถานที่ สถานะ
- ไม่พบข้อมูล -

รายการใกล้เคียง
    หัวเรื่อง [การบริหารการพยาบาล]
    หัวเรื่อง [การนิเทศการพยาบาล]

BibComment


ยังไม่เคยถูกคอมเมนท์

คอมเมนท์ทรัพยากรรายการนี้
  คอมเมนท์: การบริหารองค์กรพย..


 Copyright 2026. Bcnsprnw @Library